Disney Characters Who Appeared in Other Movies - Statistics

General Stats
  • This quiz has been taken 38 times
  • The average score is 7 of 17
Answer Stats
Character(s) Movie(s) % Correct
Rapunzel/Flynn Rider Frozen
80%
Genie's Lamp The Princess & the Frog | Zootopia | Moana
75%
Sven Moana
65%
Pinocchio Aladdin | Tangled
60%
Sebastian (sorta) Aladdin
55%
The Magic Carpet The Hunchback of Notre Dame | The Princess & the Frog
55%
Mrs. Potts/Chip Tarzan
50%
The King and Grand Duke from Cinderella The Little Mermaid
50%
Belle The Hunchback of Notre Dame
45%
Scar (sorta) Hercules
40%
Hans (sorta) Big Hero 6
30%
Aurora/Roger/Pongo Oliver & Company
20%
Various Lady & the Tramp characters One-Hundred & One Dalmatians | Oliver & Company
20%
Stitch (during credits) Brother Bear
15%
Heihei Raya & the Last Dragon
5%
Tinker Bell The Black Cauldron
5%
Bill the Lizard from Alice in Wonderland The Great Mouse Detective
5%
No matching quizzes found
Score Distribution
Percent of People with Each Score
Percentile by Number Answered
Your Score History
You have not taken this quiz